Textbook of psychiatry for medical practice/ (Record no. 163456)

MARC details
000 -LEADER
fixed length control field 00817nam a2200253 a 4500
008 - FIXED-LENGTH DATA ELEMENTS--GENERAL INFORMATION
fixed length control field
049 10 - LOCAL HOLDINGS (OCLC)
Holding library MAIN
050 10 - LIBRARY OF CONGRESS CALL NUMBER
Classification number RC454 HOF
003 - CONTROL NUMBER IDENTIFIER
control field
005 - DATE AND TIME OF LATEST TRANSACTION
control field 20230123134309.0
040 ## - CATALOGING SOURCE
Transcribing agency NUST
100 1# - MAIN ENTRY--PERSONAL NAME
Personal name Hofling, Charles K.
245 10 - TITLE STATEMENT
Title Textbook of psychiatry for medical practice/
Statement of responsibility, etc. Charles K. Hofling. With the collaboration of Chatham G. Clements [and others] With a foreword by Maurice Levine.
250 ## - EDITION STATEMENT
Edition statement 2nd ed.
260 ## - PUBLICATION, DISTRIBUTION, ETC.
Place of publication, distribution, etc. Philadelphia:
Name of publisher, distributor, etc. Lippincott,
Date of publication, distribution, etc. [1968]
300 ## - PHYSICAL DESCRIPTION
Extent xvii, 630 p.
Dimensions 24 cm.
504 ## - BIBLIOGRAPHY, ETC. NOTE
Bibliography, etc. note Includes bibliographies.
650 #0 - SUBJECT ADDED ENTRY--TOPICAL TERM
Topical term or geographic name entry element Psychiatry.
650 #0 - SUBJECT ADDED ENTRY--TOPICAL TERM
Topical term or geographic name entry element Medicine and psychology.
650 #0 - SUBJECT ADDED ENTRY--TOPICAL TERM
Topical term or geographic name entry element Medicine, Psychosomatic.
740 0# - ADDED ENTRY--UNCONTROLLED RELATED/ANALYTICAL TITLE
Uncontrolled related/analytical title Psychiatry for medical practice.
907 ## - LOCAL DATA ELEMENT G, LDG (RLIN)
a .b10221736
b 01-12-06
c 01-12-06
942 ## - ADDED ENTRY ELEMENTS (KOHA)
Koha item type Ordinary Loan Books
Holdings
Date last seen Total Checkouts Full call number Barcode Cost, replacement price Price effective from Koha item type Lost status Source of classification or shelving scheme Damaged status Not for loan Collection Withdrawn status Home library Current library Shelving location Date acquired Cost, normal purchase price
01/23/2023   RC454 HOF 92004005360 80.00 01/23/2023 BOOKS   LCC     NFIC   MAIN MAIN GEN 01/23/2023 80.00